000 01848aam a2200349 a 4500
003 BLK
005 20250708124757.0
008 181012b bu ||||| |||| 00| 0 bu d
020 _a978-619-199-624-7
020 _a3800083828679
040 _aBLK
041 _aBUL
_cBUL
080 _aСистематична (специална) зоология. Вж и 562/569; 57.06
_b592/599
_x:087.5
_z592/599:087.5
100 _aПрус, Даниела
_eпърви автор
_91299
139 _aПрус, Даниела
_bП 92
245 _aЖивотните в Африка
_bЕнциклопедия за най-малките : С повдигащи се капачета на всяка страница
_cДаниела Прус; ил. Урсула Велер ; прев. Розалина Палазова
260 _bФют
_c2021
_aСофия
300 _a16 с.
_bс цв. ил.
_c20 см
380 _aDN
490 _9208015
_aПоредица Защо? Какво? Как?
_v32
500 _aКор. опис. Ориг. загл.: Wieso? Weshalb? Warum? Tiere in Afrika / Daniela Prusse Възприетата форма на името на авт. Даниела Прусе е Даниела Прус Кн. 32 от поредицата Защо? Какво? Как? Кн. отпеч. на ламиниран картон.
653 7 _9186633
_aживотни
653 7 _9184826
_aдетска литература
700 _9599
_aВелер, Урсула
_eил.
700 1 _aПалазова, Розалина Борилова
_gЖурналист. Преводач от немски език.
_9105705
852 _aЦб 310278
_bЦб
856 _i0.00
_ldisable
942 _cKNG
_2udc
_n0
_099
_s1
944 _aCR
_c2021-12-07
_k30560
_lГеновева Генчева
999 _c439129
_d439129
999 _d439129
999 _d439129